Právo a jakost úvod do problematiky

Gespeichert in:
Bibliographische Detailangaben
1. Verfasser: Hladík, Jiří
Weitere Verfasser: Jareš, Jaromír
Format: Buch
Sprache:Tschechisch
Veröffentlicht: Praha Dům techniky ČSVTS 1982
Tags: Tag hinzufügen
Keine Tags, Fügen Sie das erste Tag hinzu!

MARC

LEADER 00000nam a2200000 4500
001 c115139
005 20041019155200.5
041 0 |a cze 
044 |a CZ 
245 1 0 |a Právo a jakost  |b úvod do problematiky  |c Jiří Hladík, Jaromír Jareš 
264 1 |a Praha  |b Dům techniky ČSVTS  |c 1982 
300 |a 63 s. 
100 1 |a Hladík, Jiří 
700 1 |a Jareš, Jaromír